[Event "RUS-ch Rapid"]
[Site "Sochi"]
[Date "2021.10.12"]
[Round "4"]
[White "Grachev, Boris V"]
[Black "Taysayev, Timur"]
[Result "1-0"]
[WhiteElo "2615"]
[BlackElo "2217"]
[PlyCount "55"]
[EventDate "2021.10.12"]
[EventType "swiss (rapid)"]
[EventRounds "11"]
[EventCountry "RUS"]
[SourceTitle "CBM 204 Extra"]
[Source "ChessBase"]
[SourceDate "2021.11.30"]
[SourceVersion "1"]
[SourceVersionDate "2021.11.30"]
[SourceQuality "1"]

1. d4 Nf6 2. Bf4 e6 3. e3 b6 4. Qf3 Nc6 5. Nc3 Bb7 6. 0-0-0 Bb4 7. Nge2 0-0 8. h4 Na5 9. Qh3 c5 10. h5 cxd4 11. exd4 Rc8 12. a3 Be7 13. Qg3 Kh8 14. Kb1 Nc4 15. h6 g6 16. d5 Nxd5 17. Nxd5 Bxd5 18. Nc3 Bb7 19. Bxc4 Rxc4 20. Bd6 Bxd6 21. Rxd6 Bc6 22. Qe5+ f6 23. Qe2 b5 24. Rhd1 Qe7 25. Qe3 a6 26. b3 Rh4 27. Qa7 Ra8 28. Rxc6 1-0

[Event "RUS-chT2"]
[Site "Sochi"]
[Date "2019.05.03"]
[Round "3.2"]
[White "Taysayev, Timur"]
[Black "Tsoi, Dmitry"]
[Result "0-1"]
[WhiteElo "2225"]
[BlackElo "2317"]
[PlyCount "70"]
[EventDate "2019.05.01"]
[EventType "team-swiss"]
[EventRounds "9"]
[EventCountry "RUS"]
[SourceTitle "CBM 190 Extra"]
[Source "ChessBase"]
[SourceDate "2019.07.15"]
[SourceVersion "1"]
[SourceVersionDate "2019.07.15"]
[SourceQuality "1"]
[WhiteTeam "Alania RNO"]
[BlackTeam "Moscow Summer Sports"]
[WhiteTeamCountry "RUS"]
[BlackTeamCountry "RUS"]

1. e4 e5 2. Nf3 d6 3. d4 exd4 4. Nxd4 Nf6 5. Nc3 Be7 6. g3 d5 7. e5 Ng4 8. Qe2 Bc5 9. h3 Bxd4 10. hxg4 c6 11. Bd2 b5 12. a3 Qe7 13. 0-0-0 b4 14. Nb1 Na6 15. axb4 Nxb4 16. Bxb4 Bxb2+ 17. Kxb2 Qxb4+ 18. Kc1 Rb8 19. f3 Qxb1+ 20. Kd2 Qb4+ 21. Ke3 Qc5+ 22. Rd4 Qc3+ 23. Rd3 Qc5+ 24. Rd4 Rb2 25. Rh2 a5 26. Qd3 a4 27. Kd2 a3 28. Ra4 a2 29. Ra8 Ke7 30. Bh3 Bf5 31. gxf5 Rxa8 32. f6+ gxf6 33. exf6+ Kd8 34. Qf5 Qxc2+ 35. Ke3 Qxf5 0-1

[Event "RUS-chT2"]
[Site "Sochi"]
[Date "2019.05.02"]
[Round "2.2"]
[White "Gutenev, Alexander"]
[Black "Taysayev, Timur"]
[Result "1-0"]
[WhiteElo "2460"]
[BlackElo "2225"]
[PlyCount "87"]
[EventDate "2019.05.01"]
[EventType "team-swiss"]
[EventRounds "9"]
[EventCountry "RUS"]
[SourceTitle "CBM 190 Extra"]
[Source "ChessBase"]
[SourceDate "2019.07.15"]
[SourceVersion "1"]
[SourceVersionDate "2019.07.15"]
[SourceQuality "1"]
[WhiteTeam "South Ural Cheliabinsk"]
[BlackTeam "Alania RNO"]
[WhiteTeamCountry "RUS"]
[BlackTeamCountry "RUS"]

1. e4 e5 2. Nf3 Nc6 3. Bb5 a6 4. Ba4 Nf6 5. 0-0 Be7 6. d3 b5 7. Bb3 0-0 8. Nc3 d6 9. a3 Bg4 10. Be3 Qd7 11. Nd5 Nxd5 12. Bxd5 Rae8 13. c3 Bd8 14. h3 Be6 15. c4 Bxd5 16. cxd5 Ne7 17. d4 Ng6 18. Re1 exd4 19. Bxd4 f5 20. e5 dxe5 21. Bxe5 Nxe5 22. Rxe5 Rxe5 23. Nxe5 Qd6 24. Nf3 Bf6 25. Qb3 Rd8 26. Rd1 Kf8 27. Qc2 g6 28. Rd2 Re8 29. g3 Re4 30. b3 a5 31. Rd3 a4 32. bxa4 bxa4 33. Kg2 g5 34. Nd2 Re2 35. Qd1 Re7 36. Qxa4 Kg7 37. Nc4 Qc5 38. Ne3 Kg6 39. d6 cxd6 40. Rd5 Qc1 41. Rxd6 Rxe3 42. Qd4 Rxg3+ 43. Kxg3 Qxa3+ 44. Kh2 1-0

[Event "RUS-chT rapid"]
[Site "Sochi"]
[Date "2018.10.08"]
[Round "5.4"]
[White "Taysayev, Timur"]
[Black "Pingin, Artem"]
[Result "0-1"]
[WhiteElo "2225"]
[BlackElo "1981"]
[PlyCount "57"]
[EventDate "2018.10.08"]
[EventType "team-swiss (rapid)"]
[EventRounds "9"]
[EventCountry "RUS"]
[SourceTitle "CBM 186 Extra"]
[Source "ChessBase"]
[SourceDate "2018.08.24"]
[SourceVersion "1"]
[SourceVersionDate "2018.08.24"]
[SourceQuality "1"]
[WhiteTeam "Daryal Alaniya"]
[BlackTeam "Karpov ShK Center"]
[WhiteTeamCountry "RUS"]
[BlackTeamCountry "RUS"]

1. e4 c5 2. Nf3 e6 3. d4 cxd4 4. Nxd4 Nf6 5. Nc3 d6 6. Bc4 Be7 7. Qe2 a6 8. g4 h6 9. Rg1 b5 10. Bb3 Bb7 11. Bxe6 fxe6 12. Nxe6 Qc8 13. Nxg7+ Kf7 14. Nf5 Bf8 15. Bxh6 Rxh6 16. Nxh6+ Bxh6 17. g5 Qg8 18. f4 Bf8 19. 0-0-0 Nfd7 20. e5 dxe5 21. f5 Bc5 22. Rg3 Kf8 23. f6 Qg6 24. h4 b4 25. Na4 Ba7 26. Qc4 Bc6 27. Qxb4+ Kg8 28. Nc3 Bf2 29. Rgd3 0-1

[Event "RUS-ch rapid"]
[Site "Sochi"]
[Date "2018.10.06"]
[Round "6.36"]
[White "Taysayev, Timur"]
[Black "Gutenev, Alexander"]
[Result "0-1"]
[WhiteElo "2225"]
[BlackElo "2456"]
[PlyCount "108"]
[EventDate "2018.10.05"]
[EventType "swiss (rapid)"]
[EventRounds "11"]
[EventCountry "RUS"]
[SourceTitle "CBM 186 Extra"]
[Source "ChessBase"]
[SourceDate "2018.08.24"]
[SourceVersion "1"]
[SourceVersionDate "2018.08.24"]
[SourceQuality "1"]

1. e4 c5 2. Nf3 Nc6 3. d4 cxd4 4. Nxd4 Nf6 5. Nc3 d6 6. Bc4 e6 7. Be3 a6 8. Qe2 Qc7 9. Bb3 Be7 10. 0-0-0 Na5 11. g4 b5 12. g5 Nxb3+ 13. axb3 Nd7 14. Nf5 exf5 15. Nd5 Qd8 16. exf5 Kf8 17. f6 Bxf6 18. gxf6 Nxf6 19. Bg5 Qe8 20. Qf3 Nxd5 21. Qxd5 Be6 22. Qxd6+ Kg8 23. Rhg1 Bf5 24. Rge1 Qc8 25. Qd8+ Qxd8 26. Rxd8+ Rxd8 27. Bxd8 Be6 28. f4 h5 29. Re5 Rh6 30. f5 Bd7 31. c4 Rc6 32. c5 Rc8 33. Bh4 f6 34. Rd5 Bc6 35. Rd6 a5 36. Kd2 Be4 37. Bf2 Bxf5 38. Ra6 Rd8+ 39. Ke3 Rd3+ 40. Kf4 Bg4 41. Ke4 Rxb3 42. Rxa5 Rxb2 43. Bg3 b4 44. Kd4 b3 45. Kc3 Rb1 46. Rb5 Be6 47. Rb6 Kf7 48. c6 Rc1+ 49. Kd2 Rc2+ 50. Kd3 Bf5+ 51. Kd4 b2 52. c7 h4 53. Bxh4 Rxh2 54. Be1 Rh1 0-1

[Event "RUS-ch rapid"]
[Site "Sochi"]
[Date "2018.10.05"]
[Round "5.25"]
[White "Potapov, Pavel"]
[Black "Taysayev, Timur"]
[Result "1-0"]
[WhiteElo "2515"]
[BlackElo "2225"]
[PlyCount "95"]
[EventDate "2018.10.05"]
[EventType "swiss (rapid)"]
[EventRounds "11"]
[EventCountry "RUS"]
[SourceTitle "CBM 186 Extra"]
[Source "ChessBase"]
[SourceDate "2018.08.24"]
[SourceVersion "1"]
[SourceVersionDate "2018.08.24"]
[SourceQuality "1"]

1. e4 c5 2. Nf3 d6 3. Nc3 Nf6 4. e5 dxe5 5. Nxe5 Nbd7 6. Nc4 e6 7. Be2 Be7 8. 0-0 0-0 9. Bf3 Rb8 10. a4 b6 11. d3 Bb7 12. Bf4 Bxf3 13. Qxf3 Ra8 14. a5 Re8 15. Rfe1 Qc8 16. Nb5 Rf8 17. Ncd6 Qd8 18. Nb7 Qc8 19. N5d6 Bxd6 20. Bxd6 Re8 21. Bg3 Rf8 22. Nd6 Qd8 23. Qb7 Nh5 24. axb6 Nxg3 25. hxg3 Nxb6 26. Ne4 c4 27. dxc4 Nxc4 28. Red1 Qb6 29. Qxb6 axb6 30. b3 Na3 31. c4 Nc2 32. Rxa8 Rxa8 33. Rd7 e5 34. Rb7 Nd4 35. Rxb6 f5 36. Nd6 g6 37. c5 Ra1+ 38. Kh2 Rc1 39. b4 f4 40. gxf4 exf4 41. Ne4 Re1 42. f3 Re2 43. Kh3 h5 44. Rxg6+ Kh7 45. Rb6 Nf5 46. Nf6+ Kg6 47. Nd5+ Kg5 48. Rg6+ 1-0

[Event "RUS-chT2"]
[Site "Sochi"]
[Date "2017.05.08"]
[Round "7.8"]
[White "Domogaev, Sergey"]
[Black "Taysayev, Timur"]
[Result "0-1"]
[WhiteElo "2431"]
[BlackElo "2245"]
[PlyCount "98"]
[EventDate "2017.05.01"]
[EventType "team-swiss"]
[EventRounds "9"]
[EventCountry "RUS"]
[SourceTitle "CBM 178 Extra"]
[Source "ChessBase"]
[SourceDate "2017.06.22"]
[SourceVersion "1"]
[SourceVersionDate "2017.06.22"]
[SourceQuality "1"]
[WhiteTeam "Orel Full Metal Jacket"]
[BlackTeam "Vladikavkaz Highlanders"]
[WhiteTeamCountry "RUS"]
[BlackTeamCountry "RUS"]

1. d4 Nf6 2. c4 c6 3. Nf3 b5 4. Nbd2 Qa5 5. e3 Ba6 6. c5 d6 7. cxd6 exd6 8. a4 b4 9. Bc4 d5 10. Nb3 Qb6 11. Be2 Nbd7 12. 0-0 Bd6 13. Bd2 Bxe2 14. Qxe2 a5 15. Rfc1 0-0 16. Rc2 Ne4 17. Rac1 Rac8 18. Be1 f5 19. g3 Rfe8 20. Qd3 g6 21. Qd1 Qa6 22. h4 Re6 23. Kg2 Bc7 24. Qe2 Qa8 25. Qd3 Nb6 26. Ne5 Bxe5 27. dxe5 Rxe5 28. Qd4 Nd7 29. f3 Nef6 30. h5 Nxh5 31. Nc5 Nhf6 32. Nd3 Ree8 33. Bf2 Kf7 34. Rh1 h5 35. Rhc1 g5 36. b3 g4 37. Qf4 gxf3+ 38. Kg1 Ke6 39. Qg5 Rg8 40. Nf4+ Ke5 41. Nd3+ Ke6 42. Nf4+ Ke5 43. Qh6 Rg4 44. e4 fxe4 45. Rd2 Rcg8 46. Rdc2 Rxg3+ 47. Bxg3 Rxg3+ 48. Kh1 Qg8 49. Rxc6 Rh3+ 0-1

[Event "RUS-ch blitz"]
[Site "Sochi"]
[Date "2016.10.04"]
[Round "2.4"]
[White "Riazantsev, Alexander"]
[Black "Taysayev, Timur"]
[Result "0-1"]
[WhiteElo "2651"]
[BlackElo "2241"]
[PlyCount "80"]
[EventDate "2016.10.04"]
[EventType "swiss (blitz)"]
[EventRounds "22"]
[EventCountry "RUS"]
[SourceTitle "EXT 2017"]
[Source "ChessBase"]
[SourceDate "2016.10.25"]
[SourceVersion "1"]
[SourceVersionDate "2016.10.25"]
[SourceQuality "1"]

1. d4 Nf6 2. c4 e6 3. Nf3 d5 4. Nc3 c6 5. e3 Be7 6. Bd3 0-0 7. 0-0 dxc4 8. Bxc4 b5 9. Bd3 b4 10. Ne4 Ba6 11. Nxf6+ Bxf6 12. a3 Bxd3 13. Qxd3 c5 14. axb4 cxd4 15. b5 dxe3 16. Qxd8 exf2+ 17. Rxf2 Rxd8 18. Be3 a6 19. Rc2 a5 20. Bb6 Re8 21. Rxa5 Nd7 22. Ba7 Bd8 23. b6 Nxb6 24. Ra3 Nd5 25. Bd4 Be7 26. Rxa8 Rxa8 27. Kf2 Rb8 28. Ke2 f6 29. g3 g5 30. Kd2 e5 31. Bf2 g4 32. Nh4 Kf7 33. Nf5 Ke6 34. Ng7+ Kf7 35. Nf5 Ke6 36. Ng7+ Kf7 37. Nf5 Ke6 38. Nh4 f5 39. Rc6+ Kd7 40. Rh6 Bg5+ 0-1

[Event "RUS-ch blitz"]
[Site "Sochi"]
[Date "2016.10.04"]
[Round "1.4"]
[White "Taysayev, Timur"]
[Black "Riazantsev, Alexander"]
[Result "0-1"]
[WhiteElo "2241"]
[BlackElo "2651"]
[PlyCount "52"]
[EventDate "2016.10.04"]
[EventType "swiss (blitz)"]
[EventRounds "22"]
[EventCountry "RUS"]
[SourceTitle "EXT 2017"]
[Source "ChessBase"]
[SourceDate "2016.10.25"]
[SourceVersion "1"]
[SourceVersionDate "2016.10.25"]
[SourceQuality "1"]

1. e4 c6 2. d4 d5 3. Nc3 dxe4 4. Nxe4 Bf5 5. Ng3 Bg6 6. Nf3 Nd7 7. h4 h6 8. h5 Bh7 9. Bd3 Bxd3 10. Qxd3 e6 11. Bd2 Bd6 12. Ne4 Bc7 13. 0-0-0 Ngf6 14. g3 Nxe4 15. Qxe4 Nf6 16. Qe2 Qd5 17. c4 Qe4 18. Be3 0-0 19. Rh4 Qh7 20. Ne5 Rfd8 21. g4 Bxe5 22. dxe5 Nd7 23. g5 Nxe5 24. Rg1 Nd3+ 25. Kb1 Nb4+ 26. Ka1 Nc2+ 0-1

[Event "RUS-chT2"]
[Site "Sochi"]
[Date "2016.05.08"]
[Round "7.11"]
[White "Taysayev, Timur"]
[Black "Grishchenko, Sergey"]
[Result "0-1"]
[WhiteElo "2231"]
[BlackElo "2441"]
[PlyCount "74"]
[EventDate "2016.05.01"]
[EventType "team-swiss"]
[EventRounds "9"]
[EventCountry "RUS"]
[SourceTitle "EXT 2018"]
[Source "ChessBase"]
[SourceDate "2017.10.13"]
[SourceVersion "1"]
[SourceVersionDate "2017.10.13"]
[SourceQuality "1"]
[WhiteTeam "Vladikavkaz Alanya"]
[BlackTeam "Desnogorsk Atom"]
[WhiteTeamCountry "RUS"]
[BlackTeamCountry "RUS"]

1. e4 c6 2. d4 d5 3. Nc3 dxe4 4. Nxe4 Nf6 5. Nxf6+ gxf6 6. Nf3 Bf5 7. Bf4 Qd5 8. Bd3 Qe6+ 9. Be3 Rg8 10. 0-0 Na6 11. Bxf5 Qxf5 12. Qe2 e6 13. c4 0-0-0 14. Rfd1 Nc7 15. Ne1 Bd6 16. Qf3 Qg6 17. Rac1 Kb8 18. b4 e5 19. c5 Be7 20. b5 cxb5 21. d5 Bf8 22. d6 Ne6 23. Rb1 a6 24. a4 Qg4 25. Qd5 Qxa4 26. Rdc1 Rg4 27. f3 Rc4 28. Rd1 Qa3 29. Bf2 Rxc5 30. Qe4 Rxd6 31. Nc2 Qa4 32. Bxc5 Rxd1+ 33. Rxd1 Bxc5+ 34. Kf1 Qxe4 35. fxe4 b4 36. Ne1 a5 37. Nd3 a4 0-1

[Event "RUS-chT2"]
[Site "Sochi"]
[Date "2016.05.05"]
[Round "5.11"]
[White "Vasilyev, Vasily"]
[Black "Taysayev, Timur"]
[Result "1-0"]
[WhiteElo "2308"]
[BlackElo "2231"]
[PlyCount "57"]
[EventDate "2016.05.01"]
[EventType "team-swiss"]
[EventRounds "9"]
[EventCountry "RUS"]
[SourceTitle "EXT 2018"]
[Source "ChessBase"]
[SourceDate "2017.10.13"]
[SourceVersion "1"]
[SourceVersionDate "2017.10.13"]
[SourceQuality "1"]
[WhiteTeam "Sakha Republic Yakutia"]
[BlackTeam "Vladikavkaz Alanya"]
[WhiteTeamCountry "RUS"]
[BlackTeamCountry "RUS"]

1. d4 Nf6 2. Nf3 b6 3. g3 Bb7 4. c4 Bxf3 5. exf3 e6 6. Nc3 Bb4 7. Bd2 c5 8. dxc5 bxc5 9. Bg2 Nc6 10. 0-0 0-0 11. f4 Rc8 12. a3 Ba5 13. Qa4 Nd4 14. b4 Bb6 15. b5 d5 16. Rfd1 Qd7 17. Be3 Rfd8 18. Rac1 Qb7 19. Bxd4 cxd4 20. Ne2 Bc5 21. cxd5 Qb6 22. dxe6 d3 23. exf7+ Kf8 24. Nc3 Bxf2+ 25. Kh1 Rd4 26. Qb3 Be3 27. Nd5 Qd8 28. Rxc8 Qxc8 29. Nxe3 1-0

[Event "Sukhumi op"]
[Site "Sukhumi"]
[Date "2008.08.05"]
[Round "4"]
[White "Malinin, Vasily Borisovich"]
[Black "Taysayev, Timur"]
[Result "0-1"]
[WhiteElo "2331"]
[BlackElo "2164"]
[PlyCount "52"]
[EventDate "2008.08.03"]
[EventType "swiss"]
[EventRounds "9"]
[EventCountry "GEO"]
[SourceTitle "CBM 126 Extra"]
[Source "ChessBase"]
[SourceDate "2008.11.05"]
[SourceVersion "1"]
[SourceVersionDate "2008.11.05"]
[SourceQuality "1"]

1. e4 c5 2. Nf3 d6 3. d4 cxd4 4. Nxd4 Nf6 5. Nc3 Nc6 6. Bc4 Bd7 7. Be3 Ng4 8. Nf5 Nxe3 9. Nxe3 g6 10. h4 h5 11. f4 Qa5 12. 0-0 Bg7 13. Qe1 Rc8 14. Kh1 Bxc3 15. bxc3 Qc5 16. Bd3 Na5 17. f5 Qe5 18. c4 Rc5 19. Qf2 Kd8 20. Rab1 Kc8 21. Rb4 Kb8 22. Rfb1 Rg8 23. Nd5 g5 24. hxg5 Rxg5 25. Qh4 Rg4 26. Qh2 Qg3 0-1

[Event "Sukhumi op"]
[Site "Sukhumi"]
[Date "2008.08.04"]
[Round "2"]
[White "Demianjuk, Alexander"]
[Black "Taysayev, Timur"]
[Result "1/2-1/2"]
[WhiteElo "2317"]
[BlackElo "2164"]
[PlyCount "100"]
[EventDate "2008.08.03"]
[EventType "swiss"]
[EventRounds "9"]
[EventCountry "GEO"]
[SourceTitle "CBM 126 Extra"]
[Source "ChessBase"]
[SourceDate "2008.11.05"]
[SourceVersion "1"]
[SourceVersionDate "2008.11.05"]
[SourceQuality "1"]

1. d4 Nf6 2. c4 c6 3. Nc3 d5 4. Nf3 e6 5. e3 Be7 6. Bd3 0-0 7. 0-0 dxc4 8. Bxc4 b5 9. Bd3 b4 10. Na4 Ba6 11. Ne5 Bxd3 12. Nxd3 Nbd7 13. Bd2 Qb8 14. Rc1 Bd6 15. h3 Ne4 16. Be1 Rc8 17. Qf3 f5 18. Qd1 Nef6 19. Nac5 Bxc5 20. Nxc5 Nxc5 21. Rxc5 Nd7 22. Rc1 Qd6 23. f3 a5 24. Rf2 e5 25. dxe5 Qxd1 26. Rxd1 Nxe5 27. b3 Rd8 28. Rfd2 Rxd2 29. Rxd2 Kf8 30. Bg3 Nf7 31. Rc2 a4 32. Be1 axb3 33. axb3 Ra1 34. Kf2 Rb1 35. Bxb4+ Ke8 36. Rc3 Rb2+ 37. Kg3 Kd7 38. h4 g6 39. Bc5 Rd2 40. b4 Ne5 41. Ra3 Ke6 42. Ra7 Nd3 43. Re7+ Kf6 44. Rd7 h6 45. Bd4+ Ke6 46. Rg7 Kd5 47. Rxg6 f4+ 48. exf4 Rxg2+ 49. Kxg2 Nxf4+ 50. Kg3 Nxg6 1/2-1/2